| 000 | 01304cad a22002535a 4500 | ||
|---|---|---|---|
| 001 | L140984 | ||
| 008 | 071024s2006 xxk f 000 0 eng d | ||
| 020 | _a9781842193031 | ||
| 022 | 1 | _a1464-648X | |
| 035 | _a(Sirsi) u140984 | ||
| 041 | 0 | _aeng | |
| 050 | 0 | 4 | _a306.3 $2 18 |
| 100 | 1 | _aAsare, Evans | |
| 245 | 0 | 0 |
_aFormal mortgage markets in Ghana _bnature and implications _h[electronic resource] |
| 260 |
_aLondon _bRICS _c2006 |
||
| 490 | 0 |
_aRICS Research Paper Series _v6(13) October 2006 |
|
| 520 | _aConsiders the reasons behind the failure of Ghana's secondary mortgage market initiative and looks at how the formal primary mortgage market has developed following this failure. Examines the segmentation of the market into cedi and dollar denominated instruments and discusses the remaining obstacles that need be overcome before Ghana's formal housing finance market can reach maturity. | ||
| 651 | 4 | _aGhana | |
| 690 | _aPROPERTY-RESIDENTIAL PROPERTY-RESIDENTIAL PROPERTY FINANCE AND INVESTMENT-MORTGAGING RESIDENTIAL PROPERTY | ||
| 700 | 1 | _aWhitehead, Christine | |
| 710 | 2 |
_aRoyal Institution of Chartered Surveyors _bResearch _94902 |
|
| 856 | 4 | 0 |
_uhttps://www.rics.org/site/scripts/download_info.aspx?downloadID=2732 _zView the report free of charge at www.rics.org... |
| 942 | _n0 | ||
| 999 |
_c107592 _d107592 |
||